| 000 | 00429nam a2200181Ia 4500 | ||
|---|---|---|---|
| 008 | 131103s9999 xx 000 0 und d | ||
| 040 | _aLoreto College | ||
| 041 | _aEnglish | ||
| 082 |
_aREF/ _bLCBED |
||
| 100 | _aBlackford, Susan | ||
| 245 |
_aInsects _cSusan Blackford |
||
| 260 |
_aGlasgow _bBlackie _c1976 |
||
| 300 |
_a32p. _b ill. _c 21cm. |
||
| 650 | _aREF | ||
| 651 | _aInsects | ||
| 850 | _aLCBED/REF | ||
| 942 | _cBK | ||
| 999 |
_c33666 _d84145 |
||